LIBRARY & INFORMATION CENTRE, KCAET, TAVANUR

ONLINE PUBLIC ACCESS CATALOGUE (OPAC)

Proceedings of the summer institute on green house design and environmental control / (Record no. 10676)

MARC details
000 -LEADER
fixed length control field 00502cam a2200169ua 4500
041 ## - LANGUAGE CODE
Language code of text/sound track or separate title eng
082 ## - DEWEY DECIMAL CLASSIFICATION NUMBER
Classification number 028.74635
Item number CHA/PR
100 ## - MAIN ENTRY--AUTHOR NAME
Personal name Chandra, P .
245 ## - TITLE STATEMENT
Title Proceedings of the summer institute on green house design and environmental control /
260 ## - PUBLICATION, DISTRIBUTION, ETC. (IMPRINT)
Place of publication Bhopal :
Name of publisher Central Institute of Agricultural Engineering ,
Year of publication 1985.
300 ## - PHYSICAL DESCRIPTION
Number of Pages 360 ; .
700 1# - ADDED ENTRY--PERSONAL NAME
Personal name Bohra, C P .
700 1# - ADDED ENTRY--PERSONAL NAME
Personal name Ojha, T.P.
942 ## - ADDED ENTRY ELEMENTS (KOHA)
Koha item type Books
Holdings
Withdrawn status Lost status Damaged status Home library Current library Date acquired Full call number Accession Number Koha item type
      KAUAET KAUAET 30/08/1990 028.74635 16717 Reference
free website counter